| 000 | 00541nam a22001817a 4500 | ||
|---|---|---|---|
| 003 | OSt | ||
| 005 | 20240717124924.0 | ||
| 008 | 240717b |||||||| |||| 00| 0 eng d | ||
| 020 | _a9780333719220 | ||
| 040 | _cMUST | ||
| 082 | _a331.4 POS 1999 | ||
| 100 |
_aNg cecilia _918846 |
||
| 245 |
_aPositioning women in malaysia/ _bClass and Gender in an Industrializing State _ccecilia Ng |
||
| 260 |
_agreat Britain _bAntony Rowe LTD |
||
| 300 |
_aXIX,222P; _bill.; _c21cm. |
||
| 504 | _aBibliographies and indexes included | ||
| 942 |
_2ddc _cO_SHELF |
||
| 999 |
_c9234 _d9234 |
||